<?xml version="1.0" encoding="UTF-8"?>
<record
    xmlns:xsi="http://www.w3.org/2001/XMLSchema-instance"
    xsi:schemaLocation="http://www.loc.gov/MARC21/slim http://www.loc.gov/standards/marcxml/schema/MARC21slim.xsd"
    xmlns="http://www.loc.gov/MARC21/slim">

  <leader>00787nam a22001937a 4500</leader>
  <controlfield tag="001">10040</controlfield>
  <controlfield tag="003">FISKH</controlfield>
  <controlfield tag="005">20260401101509.0</controlfield>
  <controlfield tag="008">260331b        cb ||||| |||| 00| 0 eng d</controlfield>
  <datafield tag="020" ind1=" " ind2=" ">
    <subfield code="a">9787511037404</subfield>
  </datafield>
  <datafield tag="040" ind1=" " ind2=" ">
    <subfield code="a">FISKH</subfield>
    <subfield code="b">chi</subfield>
    <subfield code="c">FISKH</subfield>
    <subfield code="d">FISKH</subfield>
  </datafield>
  <datafield tag="082" ind1=" " ind2=" ">
    <subfield code="a">155.4</subfield>
  </datafield>
  <datafield tag="100" ind1=" " ind2=" ">
    <subfield code="a">&#x5F15;&#x8FDB;&#x7248;&#x7ED8;&#x672C;</subfield>
  </datafield>
  <datafield tag="245" ind1=" " ind2=" ">
    <subfield code="a">&#x5E78;&#x798F;&#x6210;&#x957F;&#x7ED8;&#x672C; :</subfield>
    <subfield code="b">Vegatable garden adventure /</subfield>
    <subfield code="c">&#x5F15;&#x8FDB;&#x7248;&#x7ED8;&#x672C;</subfield>
  </datafield>
  <datafield tag="300" ind1=" " ind2=" ">
    <subfield code="a">32 unnumbered pages : </subfield>
    <subfield code="b">color illustrations ; </subfield>
    <subfield code="c">28 cm . </subfield>
  </datafield>
  <datafield tag="520" ind1=" " ind2=" ">
    <subfield code="a">&#x672C;&#x4E66;&#x5C5E;&#x4E8E;**&#x201C;&#x5E78;&#x798F;&#x6210;&#x957F;&#x7ED8;&#x672C;&#xFF08;&#x7B2C;2&#x8F91;&#xFF09;&#x201D;&#x7CFB;&#x5217;**&#xFF0C;&#x4E3A;&#x5F15;&#x8FDB;&#x7248;&#x513F;&#x7AE5;&#x7ED8;&#x672C;&#x3002;&#x6BCF;&#x518C;&#x901A;&#x8FC7;&#x751F;&#x52A8;&#x6709;&#x8DA3;&#x7684;&#x6545;&#x4E8B;&#xFF0C;&#x5E2E;&#x52A9;&#x5B69;&#x5B50;&#x5B66;&#x4E60;&#xFF1A;

&#x60C5;&#x7EEA;&#x7BA1;&#x7406;
&#x4EBA;&#x9645;&#x4EA4;&#x5F80;
&#x81EA;&#x4FE1;&#x4E0E;&#x6210;&#x957F;

&#x5185;&#x5BB9;&#x6E29;&#x99A8;&#x3001;&#x56FE;&#x753B;&#x4E30;&#x5BCC;&#xFF0C;&#x9002;&#x5408;&#x513F;&#x7AE5;&#x9605;&#x8BFB;&#x4E0E;&#x6027;&#x683C;&#x57F9;&#x517B;&#x3002;</subfield>
  </datafield>
  <datafield tag="942" ind1=" " ind2=" ">
    <subfield code="2">ddc</subfield>
    <subfield code="c">BOOK</subfield>
    <subfield code="n">0</subfield>
  </datafield>
  <datafield tag="999" ind1=" " ind2=" ">
    <subfield code="c">10040</subfield>
    <subfield code="d">10040</subfield>
  </datafield>
  <datafield tag="952" ind1=" " ind2=" ">
    <subfield code="0">0</subfield>
    <subfield code="1">0</subfield>
    <subfield code="2">ddc</subfield>
    <subfield code="4">0</subfield>
    <subfield code="7">0</subfield>
    <subfield code="8">REF</subfield>
    <subfield code="a">002</subfield>
    <subfield code="b">002</subfield>
    <subfield code="c">LSHTTP</subfield>
    <subfield code="d">2026-03-31</subfield>
    <subfield code="l">0</subfield>
    <subfield code="o">&#x5F15;&#x8FDB;&#x7248;&#x7ED8;&#x672C; 155.4</subfield>
    <subfield code="p">2026-0420</subfield>
    <subfield code="r">2026-03-31 16:05:38</subfield>
    <subfield code="w">2026-03-31</subfield>
    <subfield code="y">BK</subfield>
  </datafield>
</record>
